000 00447pab a2200169 454500
008 180718b2009 xxu||||| |||| 00| 0 eng d
100 _aNaik, B.M.
245 _aExpanding horizons in technical education to reach to world class standard: a challenge
260 _c2009
300 _ap.13-18.
362 _a14 Sep
650 _aTechnical education
700 _aKandlikar, W.S.
773 _aUniversity News
908 _aN
909 _a84016
999 _c84016
_d84016